1327 1390 1101 1430 1071 1875 1020 1516 1790 1860 1050 1346 1276 1613 1058 1595 1101 1155 1223 1600 1083 1497 1087 1953 1516 1937 1976 1614 1326 1186 1911 1771 1765 1215 1511 1282 1290 1699 1792 1254 1463 1875 1474 1691 1716 1185 1657 1639 1883 1410 1669 1989 1471 1335 1337 1571 1780 1239 1934 1053 1807 1276 1195 1887 1769 1471 1989 1395 1146 1722 1320 1284 1739 1353 1454 1321 1646 1726 1512 1919 1910 1717 1850 1358 1843 1480 1373 1262 1288 1784 1023 1004 1703 1511 1343 1494 1820 1151 1323 BCNSPRNW ULIB Ver.6.0+V

เปลี่ยนเป็นภาษาไทย

Change to English
 แสดงรายละเอียดบรรณานุกรม
  กลับหน้าหลัก

Brief Record : Get Marc (ISO 2709) : E-mail record : QR code < ปิดหน้าต่าง
LEADER : 00000nam 2200000uu 4500
001    13399114630
003     ULIB
008    120424s2540||||th 000 0 tha d
060  4 ^aQU^bท415ค ล.2
245 00 ^aเคมี 2 =^bคณะอนุกรรมการปรับปรุงหลักสูตรวิทยาศาสตร์สาขาเคมีตามโครงการปรับปรุงหลักสูตรวิทยาศาสตร์ระดับมหาวิทยาลัยของทบวงมหาวิทยาลัย
250    ^aพิมพ์ครั้งที่ 1
260    ^aกรุงเทพฯ :^bไทยร่มเกล้า^c2540
300    ^a458 หน้า :^bภาพประกอบ ;^c26 ซม.
650  4 ^aเคมี^xคำถามและคำตอบ
945    ^p0^l0^i4285
945    ^p0^l0^i4286
995    ^aกัณชพร
999 ^a ใช้งานได้ทุกระบบ
รายการนี้ยังไม่มีแท็ก
คุณยังไม่ได้ล็อกอิน คุณสามารถมีกิจกรรมร่วมกับเว็บไซต์ได้ แต่ต้องล็อกอินก่อน ::
  ล็อกอิน

รายการสื่อสารสนเทศ

ลำดับที่ ประเภท เลขเรียก/บาร์โค้ด สถานที่ สถานะ
- ไม่พบข้อมูล -

BibComment


ยังไม่เคยถูกคอมเมนท์

คอมเมนท์ทรัพยากรรายการนี้
  คอมเมนท์: เคมี 2 คณะอนุกร..


 Copyright 2026. Bcnsprnw @Library